La flautista azul

Uloženo v:
Podrobná bibliografie
Hlavní autor: Bouzfour, Ahmed (Autor)
Médium: Kniha
Jazyk:španělština
Vydáno: Coquimbo Centro Mohammed VI 2010
Témata:
Tagy: Přidat tag
Žádné tagy, Buďte první, kdo vytvoří štítek k tomuto záznamu!

MARC

LEADER 00000cam a2200000 a 4500
001 UCF2353
003 CL-VaPUC
008 120817e20100000CL |||||||||||||||||spa|d
020 |a 9789568888077 
082 0 4 |a 890  |b BOU  |2 21 
100 0 |a Bouzfour, Ahmed  |e author  |9 563954 
245 1 3 |a La flautista azul 
300 |a 94 p 
942 |c BK 
945 |d 20120817 00:00:00  |a dcastane 
260 |a Coquimbo  |b Centro Mohammed VI  |c 2010 
650 7 |a LITERATURA ARABE  |2 CL-VaPUC  |9 323185 
583 |a last modification  |c 20120817 11:35:00  |k Rodrigo Vera 
999 |c 348921  |d 348919 
952 |0 0  |1 0  |4 0  |6 890_000000000000000_BOU_2010  |7 0  |8 C  |9 451220  |a BIBCUR  |b BIBCUR  |d 2019-11-22  |i 4892461  |o 890 BOU 2010  |p 4892461  |r 2025-04-22  |w 2019-11-22  |y BK  |k CAC 
952 |0 0  |1 0  |4 0  |6 890_000000000000000_BOU_2010  |7 0  |8 A  |9 451221  |a BIBING  |b BIBING  |d 2019-11-22  |i 4891627  |o 890 BOU 2010  |p 4891627  |r 2025-01-20  |w 2019-11-22  |y BK  |k CUI 
952 |0 0  |1 0  |4 0  |6 890_000000000000000_BOU_2010  |7 0  |8 A  |9 451222  |a BIBEDU  |b BIBEDU  |d 2019-11-22  |i 4892046  |o 890 BOU 2010  |p 4892046  |r 2019-11-22  |w 2019-11-22  |y BK  |k CUE